000 00502nam a2200145Ia 4500
008 230917s9999||||xx |||||||||||||| ||und||
040 _e156709
_aMAIN
041 _aEnglish
082 _a891.4337209 MS369H
100 _aमेरी, सिस्टर क्लेमेंट
245 0 _aहिन्दी का स्वातंत्रोत्तर विचारात्मक गद्य
260 _aइलाहाबाद
_bस्मृति
300 _a351 p.
942 _cHN
999 _c93577
_d93577